Noveĭshai͡a︡ istorii͡a︡ Rossii

Новейшая история России.
Detalles Bibliográficos
Autor Corporativo: Sankt-Peterburgskiĭ gosudarstvennyĭ universitet. Kafedra noveĭsheĭ istorii Rossii
Formato: Electrónico Revista
Lenguaje:ruso
Publicado: Sankt-Peterburg : Istoricheskiĭ fakulʹtet SPBGU, [2011]-
Materias:
Acceso en línea:Full text available from Research Library: 09/01/2012 to 05/31/2017

MARC

LEADER 00000nas a2200000 i 4500
001 ssj0000913560
003 WaSeSS
005 20200512172242.0
006 m d
007 cr n
008 130703c20119999ru tr p s | 0rus
010 |a  2013273003 
035 |a (WaSeSS)ssj0000913560 
040 |a DLC  |b eng  |c DLC  |d DLC  |d WaSeSS 
042 |a pcc 
043 |a e-ru--- 
050 0 0 |a DK510 
130 0 |6 880-01  |a Noveĭshai͡a︡ istorii͡a︡ Rossii (Saint Petersburg, Russia) 
245 1 0 |6 880-02  |a Noveĭshai͡a︡ istorii͡a︡ Rossii  |h [electronic resource]. 
246 1 1 |a Modern history of Russia 
260 |6 880-03  |a Sankt-Peterburg :  |b Istoricheskiĭ fakulʹtet SPBGU,  |c [2011]- 
310 |a Three issues a year 
362 1 |a Began with 2011, no 1. 
506 |a License restrictions may limit access. 
515 |a Only two published in 2011. 
546 |a In Russian, with added table of contents in English. 
588 |a Description based on: 2011, no 1 = 01; title from journal home page (publisher's website, viewed July 3, 2013). 
588 |a Latest issue consulted: 2013, no 1 = 06. 
651 0 |a Russia (Federation)  |x History  |v Periodicals. 
655 0 |a Electronic journals. 
710 2 |a Sankt-Peterburgskiĭ gosudarstvennyĭ universitet.  |b Kafedra noveĭsheĭ istorii Rossii. 
850 |a DLC 
856 4 0 |z Full text available from Research Library: 09/01/2012 to 05/31/2017  |u https://search.proquest.com/publication/2029683 
880 0 |6 130-01/(N  |a Новейшая история России (Saint Petersburg, Russia) 
880 1 0 |6 245-02/(N  |a Новейшая история России. 
880 1 |6 264-03/(N  |a Санкт-Петербург :  |b Исторический факультет СПБГУ,  |c [2011]-